| Поле | Название | Значение |
| |
Тип записи |
i |
| |
Библиографический уровень |
m |
| 001 |
Контрольный номер |
RU/IS/BASE/303578249 |
| 005 |
Дата корректировки |
20250217163238.4 |
| 010 |
Индекс ISBN |
__ |
| d |
Цена |
165-20; 98-82 |
| 101 |
Язык документа |
1_ |
| a |
Язык текста |
rus |
| c |
Язык оригинала |
eng |
| 200 |
Заглавие и сведения об ответственности |
1_ |
| a |
Заглавие |
Казан |
| e |
Сведения, относящиеся к заглавию |
[повесть : аудиокнига] |
| f |
Первые сведения об ответственности |
Джеймс Оливер Керввуд ; читает Радик Мухаметзянов |
| b |
Общее обозначение материала |
Звукозапись |
| 210 |
Выходные данные |
1_ |
| a |
Место издания |
М. |
| c |
Издательство |
Равновесие |
| d |
Дата издания |
2007 |
| 215 |
Физическое описание |
__ |
| a |
Объем |
1 электрон. опт. диск (Audio CD) (05 ч.) |
| 225 |
Серия |
2_ |
| a |
Серия |
Путешествия и приключения |
| 225 |
Серия |
2_ |
| a |
Серия |
CD - слушай! |
| 225 |
Серия |
2_ |
| a |
Серия |
Аудиокнига MP3 |
| 300 |
Общие примечания |
__ |
| a |
Общие примечания |
процессор Pentium-II ; память 256 МБ ОЗУ ; дисковод CD/DVD-ROM ; Windows 98/2000/XP ; звуковая карта ; колонки ; аудиосистемы с поддержкой формата MP3 ; AudioCD |
| a |
Общие примечания |
Текст содерж. звуковые файлы и электрон. текст произведения |
| 323 |
Примечание о главных создателях, исполнителях, участниках |
__ |
| a |
Примечание о главных создателях, исполнителях, участниках |
Мухаметзянов, Р. (читает) |
| 330 |
Аннотация |
__ |
| a |
Аннотация |
Удивительная повесть, получившая название по имени главного героя… Но кто он, Казан: собака или волк? Преданный друг или свирепый враг?.. Разрываясь между миром волков и миром людей, он пытается устроить свою звериную жизнь, любит и страдает, сражается и готов умереть за того, кого выберет в друзья. |
| 333 |
Примечание о целевом назначении |
__ |
| a |
Примечание о целевом назначении |
16+. Для детей старше 16 лет |
| 606 |
Тематические рубрики |
__ |
| a |
Основная рубрика |
Художественная литература |
| 606 |
Тематические рубрики |
__ |
| a |
Основная рубрика |
Литература Америки (произведения) |
| z |
Хронологическая подрубрика |
19 в. кон.; 20 в. нач. |
| y |
Географическая подрубрика |
США |
| 610 |
Ключевые слова |
0_ |
| a |
Ключевые слова |
повести; тема животных; тема дружбы; тема приключений; тема взаимоотношений; тема взаимопомощи; тема взаимопонимания; американская литература; иностранная литература; зарубежная литература; тема собак; тема волков |
| 686 |
Индексы других классификаций |
__ |
| a |
Классификационный индекс |
84(7Сое)53-4я04; ст84(7Сое)-4я0 |
| 700 |
Автор |
_1 |
| a |
Фамилия |
Кервуд |
| b |
Имя |
Д. О. |
| f |
Даты |
1878-1927 |
| g |
Полное личное имя |
Джеймс Оливер |
| 4 |
Код отношения |
070 |
| 801 |
Источник записи |
_0 |
| a |
Страна |
RU |
| b |
Организация |
Муниципальное бюджетное учреждение культуры "Централизованная библиотечная система" г. Сургут (Центральная городская библиотека им. А. С. Пушкина) |
| g |
Правила каталогизации |
КиК/Поспелова; КиК/Апакова |
| 801 |
Источник записи |
_1 |
| a |
Страна |
RU |
| b |
Организация |
Муниципальное бюджетное учреждение культуры "Централизованная библиотечная система" г. Сургут (Центральная городская библиотека им. А. С. Пушкина) |
| g |
Правила каталогизации |
КиК/Поспелова; КиК/Апакова |
| 852 |
Данные о местонахождении |
__ |
| j |
Шифр хранения |
84(7Сое)53-4я04 |
| c |
Каталожный индекс |
ст84(7Сое)-4я04 |
| i |
Авторский знак |
К 36 |
| 901 |
Тип документа |
__ |
| t |
Тип документа |
0 |
| 903 |
Характеристики (МАРС) |
__ |
| a |
Дата передачи |
20130410; 20090821 |
| 969 |
Тип издания |
__ |
| a |
Тип издания |
аудиокнига; издание для слепых |
| 990 |
Данные о заказе (DOS) |
__ |
| j |
Количество экземпляров (DOS) |
6; 2 |
| h |
N записи в КСУ для Б/У (DOS) |
201304; 200908 |